000 nam a22 7a 4500
999 _c15649
_d15649
008 161103b xxu||||| |||| 00| 0 eng d
020 _a9780078025402
020 _a0078025400
050 _aHF 5636 .H69 2013
100 _aHoyle, Joe B.
245 _aAdvanced accounting/
_cJoe B. Hoyle, Thomas F. Schaefer and Timothy S. Doupnik.
250 _a11th ed.
260 _aNew York :
_bMcGraw-Hill ;
_c2013.
300 _axxi, 890p. :
_bill. ;
_c27cm.
500 _aIncludes index.
650 _aAccounting.
700 _aSchaefer, Thomas
700 _aDoupnik, Timothy
942 _2lcc
_cBOOKS
_hHF 5636 .H69 2013